Liao jie wo men de shen ti-kan hu pian = complete graphic understanding of our body (chinese)
| Main Author: | |
|---|---|
| Format: | Book |
| Published: |
Taiwan :
Chuangzhi Cu Hural Agency ,
2003
|
| Subjects: |
MARC
| LEADER | 00000cam a2200000 7i4500 | ||
|---|---|---|---|
| 001 | 0000073614 | ||
| 005 | 20170606.0 | ||
| 008 | 170606 | ||
| 020 | |a 9577548504 | ||
| 020 | |a 9789577548504 | ||
| 090 | 0 | 0 | |a 612 |b HAO |
| 100 | 0 | |a Yingtai Dou | |
| 245 | 0 | 0 | |a Liao jie wo men de shen ti-kan hu pian = complete graphic understanding of our body (chinese) |c Haozi Guanhu |
| 260 | |a Taiwan : |b Chuangzhi Cu Hural Agency , |c 2003 | ||
| 300 | |a 223 p. ; |c 21 cm. | ||
| 541 | 0 | 0 | |c Donation books |
| 650 | 0 | |a Body | |
| 650 | 0 | |a Human body | |
| 999 | |a 0001459414 |b Book |c Chinese Collection |e Cawangan AEON Kulaijaya | ||